Statistics for U.S. Cities that Formerly Had 100,000 People

Click here to take the quiz!

General Stats

  • This quiz has been taken 81 times
    (78 since last reset)
  • The average score is 13 of 24

Answer Stats

StatePeak YearPopulationCity% Correct
Indiana196074,879Gary
90%
Michigan196095,538Flint
85%
Delaware194070,166Wilmington
85%
Minnesota196085,618Duluth
75%
New York195096,460Albany
72%
Pennsylvania196095,508Erie
67%
Ohio193065,469Youngstown
67%
New Jersey195083,203Trenton
63%
Pennsylvania193076,653Scranton
58%
Ohio195070,447Canton
53%
New York193059,750Utica
53%
Michigan196093,932Dearborn
47%
Massachusetts192095,363New Bedford
45%
Pennsylvania193088,375Reading
45%
New Jersey195073,562Camden
43%
Indiana196075,522Hammond
43%
Missouri190074,875St. Joseph
40%
Massachusetts192089,541Fall River
38%
New York196047,720Niagara Falls
38%
Massachusetts193094,299Lynn
35%
Virginia196094,398Portsmouth
35%
Ohio197078,103Parma
30%
Michigan197093,665Livonia
27%
Massachusetts193081,360Somerville
27%

Score Distribution

Percentile by Number Answered

Percent of People with Each Score

Your Score History

You have not taken this quiz since the last reset